HIGH LEAGUE - wszyscy zawodnicy - Statystyki

Ogólne statystyki
  • Ten quiz został rozwiązany 688 razy
    147 od ostatniego zresetowania
  • Średni wynik to 42 z 71
Statystyki odpowiedzi
Hint Odpowiedź % Poprawnych
HIGH LEAGUE - 3, 5 Alberto Simao
90%
HIGH LEAGUE - 1, 4, 5 Natalia „Natsu” Karczmarczyk
90%
HIGH LEAGUE - 1, 2, 4, 6 Lexy Chaplin
89%
HIGH LEAGUE - 2, 3, 4, 6 Denis „Bad Boy” Załęcki
88%
HIGH LEAGUE - 1, 4 Jose „Josef Bratan” Simao
84%
HIGH LEAGUE - 3, 5, 6 Dawid „Crazy” Załęcki
82%
HIGH LEAGUE - 2 Michał „Owca” Owczarzak
79%
HIGH LEAGUE - 1, 2, 4 Jakub Nowaczkiewicz
78%
HIGH LEAGUE - 3, 6 Marcin Dubiel
78%
HIGH LEAGUE - 4 Amadeusz „Ferrari” Roślik
77%
HIGH LEAGUE - 2, 6 Jarosław „pashaBiceps” Jarząbkowski
77%
HIGH LEAGUE - 6 Marcin „El Testosteron” Najman
77%
HIGH LEAGUE - 3, 4, 5 Paweł „Scarface" Bomba
77%
HIGH LEAGUE - 5 Mateusz „Muran” Murański
76%
HIGH LEAGUE - 2, 5 Agata „Fagata” Fąk
75%
HIGH LEAGUE - 1, 3 Ewa „Kleo” Brodnicka
72%
HIGH LEAGUE - 1, 3 Aniela „Lil Masti” Bogusz
71%
HIGH LEAGUE - 6 Denis Labryga
71%
HIGH LEAGUE - 1 Jakub „Japczan” Piotrowicz
71%
HIGH LEAGUE - 2, 3 Alan „Alanik” Kwieciński
69%
HIGH LEAGUE - 2, 4, 6 Konrad Karwat
69%
HIGH LEAGUE - 1 Piotr „Bonus BGC” Witczak
69%
HIGH LEAGUE - 3, 5, 6 Mateusz „Don Diego” Kubiszyn
68%
HIGH LEAGUE - 5, 6 Paweł „Księżniczka" Tyburski
68%
HIGH LEAGUE - 2, 4 Mateusz „Mini Majk” Krzyżanowski
66%
HIGH LEAGUE - 2 Norbert „Dis” Gierczak
64%
HIGH LEAGUE - 4 Krystian „Macias” Maciaszczyk
63%
HIGH LEAGUE - 4 Artur „Szpila" Szpilka
62%
HIGH LEAGUE - 2, 5 Maciej „Zony” Zoniuk
62%
HIGH LEAGUE - 2, 3 Mateusz „Tarzan” Leśniak
61%
HIGH LEAGUE - 1, 3 Przemysław „Kolar” Kolarczyk
61%
HIGH LEAGUE - 3 Robert „Robur” Orzechowski
61%
HIGH LEAGUE - 6 Dariusz „Daro Lew” Kaźmierczuk
60%
HIGH LEAGUE - 2 Hubert „Dredziasty” Węzka
60%
HIGH LEAGUE - 4 Ewa „Mrs. Honey" Wyszatycka
57%
HIGH LEAGUE - 1, 2 Maciej „Big Jack” Jarema
57%
HIGH LEAGUE - 3 Robert „Hardkorowy Koksu” Burneika
57%
HIGH LEAGUE - 1 Adrian „Medusa” Salamon
56%
HIGH LEAGUE - 4, 5 Maja Staśko
55%
HIGH LEAGUE - 4, 5 Jakub „Holak” Krawczyk-Holak
54%
HIGH LEAGUE - 3 Kamila „Kamiszka” Wybrańczyk
54%
HIGH LEAGUE - 1, 3 Łukasz „Lukas TV” Wdowiak
54%
HIGH LEAGUE - 1 Gabriel „Cesarz Narcyz” Bystrzycki
53%
HIGH LEAGUE - 6 Kacper „Ludwiczek” Bociański
52%
HIGH LEAGUE - 3 Kamila „Zusje” Smogulecka
52%
HIGH LEAGUE - 6 Paulina Hornik
52%
HIGH LEAGUE - 6 Paweł „Prezes FEN” Jóźwiak
52%
HIGH LEAGUE - 2 Piotr „Edzio” Bylina
52%
HIGH LEAGUE - 1 Jakub „Carlito” Olewiński
51%
HIGH LEAGUE - 1, 3 Kamil Kossakowski
51%
HIGH LEAGUE - 5 Przemysław „Sequento” Skulski
51%
HIGH LEAGUE - 1 Sebastian „Bunio” Szabunio
51%
HIGH LEAGUE - 1 Maciej Rataj
49%
HIGH LEAGUE - 5 Maria „Masza” Graczykowska
49%
HIGH LEAGUE - 2 Piotr „czuuX” Czupryn
49%
HIGH LEAGUE - 6 Tomasz „Szalony Reporter” Matysiak
47%
HIGH LEAGUE - 4 Cezary „Czaro" Nykiel
45%
HIGH LEAGUE - 4 Jakub „Kubx” Świtała
44%
HIGH LEAGUE - 3 Alan „Alan Człowieku" Godziński
43%
HIGH LEAGUE - 5 Wojciech „Rekordzista” Sobierajski
43%
HIGH LEAGUE - 5 Damian Janikowski
41%
HIGH LEAGUE - 5 Dawid „Diables” Porwisiak
41%
HIGH LEAGUE - 5 Paweł „Leh” Lehmann
41%
HIGH LEAGUE - 5 Vaso „Psycho” Bakočević
41%
HIGH LEAGUE - 5 Andrzej „Andrew” Gazda
38%
HIGH LEAGUE - 4 Salim Chiboub
38%
HIGH LEAGUE - 5 Kamil „Hassi” Hassan
37%
HIGH LEAGUE - 6 Michał „Zadymiarz” Cichy
37%
HIGH LEAGUE - 4 Radosław Słodkiewicz
37%
HIGH LEAGUE - 6 Mateusz „Haribo” Gąsiewski
31%
HIGH LEAGUE - 6 Roger Salla
26%
Nie znaleziono quizów pasujących do podanych kryteriów
Rozkład punktacji
Procent ludzi z każdym wynikiem
Percentyl według liczby udzielonych odpowiedzi
Twoja historia wyników
Nie rozwiązałeś tego quizu od ostatniego zresetowania